Komunikacja miejska w Krakowie - linia tramwajowa "0" (przystanki) - Statystyki

Ogólne statystyki
  • Ten quiz został rozwiązany 59 razy
  • Średni wynik to 9 z 15
Statystyki odpowiedzi
Hint Odpowiedź % Poprawnych
9 Filharmonia
72%
8 Plac Wszystkich Świętych
72%
15 Cichy Kącik
70%
1 Dajwór
65%
11 Muzeum Narodowe
65%
13 Park Jordana
60%
6 Wawel
58%
5 Stradom
56%
7 św. Gertrudy
53%
10 Uniwersytet Jagielloński
53%
12 Oleandry
51%
4 Plac Wolnica
49%
3 Korona
47%
14 Reymana
47%
2 Plac Bohaterów Getta
40%
Nie znaleziono quizów pasujących do podanych kryteriów
Rozkład punktacji
Procent ludzi z każdym wynikiem
Percentyl według liczby udzielonych odpowiedzi
Twoja historia wyników
Nie rozwiązałeś tego quizu